000 00870cam a2200289 4500
001 ABS61948
008 000000n2000 000 0 eng u
035 _a(Sirsi) u104551
100 _aBerry, B.
245 _aEMU and European housing markets
260 _c2000
490 _aCSM (Chartered Surveyor Monthly)
_vFebruary 2000 28-29(2)
520 _aDescribes the impact that European Monetary Union is having on housing markets across Europe.
590 _aABS
650 _aEMU
650 _aECONOMIC CYCLES
650 _aINTEREST RATES
650 _aHOUSING POLICIES
650 _aTAXATION
650 _aPROPERTY PRICES
650 _aEUROPEAN COMMISSION
650 _aEUROPEAN MORTGAGE FEDERATION
650 _aOWNER-OCCUPATION
650 _aHOUSING MARKET
690 _aPROPERTY-RESIDENTIAL PROPERTY-RESIDENTIAL PROPERTY MARKET
942 _n0
999 _c62738
_d62738